000 00668nam a2200241Ia 4500
005 20260429112255.0
008 260429s9999||||xx |||||||||||||| ||und||
020 _a9781802207644
041 _aEnglish
082 _a346.017
_bTRI
100 _aTrimmings, Katarina
245 0 _aResearch handbook on surrogacy and the law /
_cKatarina Trimmings
250 _a1st ed.
260 _aUnited Kingdom :
_bEdward Elgar Publishing,
_c2024.
300 _axi, 533 p.; hb
440 _aResearch handbook in family law
650 _a Family Law
650 _a Surrogacy
650 _aLaw
700 _a Achmad, Claire
700 _a Shakargy, Sharon
942 _cTB
999 _c53251
_d53251